Vật lí đại cương. t.I, cơ nhiệt : Dùng cho các trường đại học khối kỹ thuật công nghiệp /
Shranjeno v:
| Glavni avtor: | |
|---|---|
| Format: | Sách giấy |
| Jezik: | Vietnamese |
| Izdano: |
H. :
Giáo dục,
2005
|
| Izdaja: | Tái bản lần thứ mười ba |
| Teme: | |
| Oznake: |
Označite
Brez oznak, prvi označite!
|
| Thư viện lưu trữ: | Thư viện Trường Đại học Đà Lạt |
|---|
| LEADER | 00923nam a2200349 4500 | ||
|---|---|---|---|
| 001 | DLU060052444 | ||
| 005 | ##20060419 | ||
| 040 | # | # | |a DLU |b vie |
| 041 | # | # | |a vie |
| 044 | # | # | |a vn |
| 082 | # | # | |a 530 |b LU-B |
| 100 | # | # | |a Lương Duyên Bình |
| 245 | # | # | |a Vật lí đại cương. |n t.I, |p cơ nhiệt : Dùng cho các trường đại học khối kỹ thuật công nghiệp / |c Lương Duyên Bình |
| 246 | # | # | |a Vật lý đại cương |
| 250 | # | # | |a Tái bản lần thứ mười ba |
| 260 | # | # | |a H. : |b Giáo dục, |c 2005 |
| 300 | # | # | |a 267 tr. ; |c 21 cm |
| 653 | # | # | |a Cơ học |
| 653 | # | # | |a Giáo trình |
| 653 | # | # | |a Nhiệt học |
| 653 | # | # | |a Vật lí học |
| 923 | # | # | |a 03/2006 |
| 990 | # | # | |a t.I |
| 992 | # | # | |a 14.000 |
| 994 | # | # | |a DLU |
| 900 | # | # | |a True |
| 911 | # | # | |a Đào Thị Thu Huyền |
| 925 | # | # | |a G |
| 926 | # | # | |a A |
| 927 | # | # | |a SH |
| 980 | # | # | |a Thư viện Trường Đại học Đà Lạt |